Normale Ansicht MARC-Ansicht ISBD

Banger Blick auf die Zahlen. (Titelsatznr. 80971)

[ MARC ]
MARC-Details
000 -Satzkennung
Kontrollfeld mit fester Länge 00742nam a22001817a 4500
008 - Feld mit fester Länge zur physischen Beschreibung - Allgemeine Angaben
Kontrollfeld mit fester Länge 201130b ||||| |||| 00| 0 eng d
040 ## - Katalogisierungsquelle
Katalogisierungssprache ger
Übertragungsstelle DE-2950
Beschreibungsfestlegungen rda
Original-Katalogisierungsstelle DE-2950
041 ## - Sprachcode
Sprachcode des Textes/der Tonspur oder des separaten Titels ger
100 ## - Person oder Familie als 1. geistiger Schöpfer
Personenname Gutke, Thomas:
245 ## - Titel
Haupttitel Banger Blick auf die Zahlen.
Titelzusatz Pandemie: Die Bundes-Notbremse sieht Schul- und Kitaschließungen bei einer Inzidenz von 165 an drei aufeinanderfolgenden Tagen vor - Frankfurt liegt bei 159 /
Verantwortlichkeitsangabe Thomas Gutke
653 ## - Lokales Schlagwort
Nicht-normierter Term Frankfurt (Oder)
653 ## - Lokales Schlagwort
Nicht-normierter Term Pandemie / Corona
773 ## - Übergeordnete Einheit
Ort, Verlag und Erscheinungsjahr Frankfurt (Oder): Märkisches Verlags- und Druckhaus GmbH & Co KG
Verknüpfungsangaben 32. Jahrgang (2021) Nr. 94 vom 23.04.2021, S. 11
Titel Märkische Oderzeitung
942 ## - Zusätzliche Felder (Koha)
Koha-Medientyp Aufsätze
Exemplare
Ausgeschieden Verloren Beschädigt Nicht entleihbar Permanenter Standort Aktueller Standort Aufstellungsort Eingabedatum Anzahl Ausleihen Signatur Letzte Aktivität Preis gültig von Medientyp
        Stadtarchiv Frankfurt (Oder) | Archivbibliothek Stadtarchiv Frankfurt (Oder) | Archivbibliothek Medienausstellung 28/04/2021   Z2 28/04/2021 28/04/2021 Aufsätze